Kraje z największą liczbą użytkowników internetu jako %kraju - Statystyki

Ogólne statystyki
  • Ten quiz został rozwiązany 318 razy
  • Średni wynik to 12 z 19
Statystyki odpowiedzi
% Państwo % Poprawnych
96 Niemcy
84%
93 Japonia
80%
92 Wielka Brytania
78%
90 Kanada
76%
99,6 Norwegia
76%
93 Szwecja
75%
92 Finlandia
72%
96 Dania
69%
95 Liechtenstein
67%
95 Luksemburg
67%
100 Islandia
66%
93 Korea Południowa
66%
93 Monako
66%
94 Irlandia
63%
100 Andora
58%
95 Estonia
47%
91 Zjednoczone Emiraty Arabskie
36%
94 Katar
35%
90 Bahrajn
25%
Nie znaleziono quizów pasujących do podanych kryteriów
Rozkład punktacji
Procent ludzi z każdym wynikiem
Percentyl według liczby udzielonych odpowiedzi
Twoja historia wyników
Nie rozwiązałeś tego quizu